<?xml version="1.0" encoding="UTF-8"?>
<collection xmlns="http://www.loc.gov/MARC21/slim">
 <record>
  <leader>05417nam a2200349 a 4500</leader>
  <controlfield tag="001">kal665</controlfield>
  <controlfield tag="003">Gr-AtHEAL</controlfield>
  <controlfield tag="005">20160425072330.0</controlfield>
  <controlfield tag="006">m        d        </controlfield>
  <controlfield tag="008">160413s2015    gr      s           gre|c</controlfield>
  <datafield tag="020" ind1=" " ind2=" ">
   <subfield code="a">9789606034817</subfield>
  </datafield>
  <datafield tag="040" ind1=" " ind2=" ">
   <subfield code="a">GR-AtHEAL</subfield>
   <subfield code="b">gre</subfield>
   <subfield code="c">GR-AtHEAL</subfield>
  </datafield>
  <datafield tag="082" ind1="0" ind2="4">
   <subfield code="a">515</subfield>
   <subfield code="2">23</subfield>
  </datafield>
  <datafield tag="100" ind1="1" ind2=" ">
   <subfield code="a">Χατζηπαντελίδης, Παναγιώτης.</subfield>
   <subfield code="8">1733</subfield>
  </datafield>
  <datafield tag="245" ind1="1" ind2="0">
   <subfield code="a">Αριθμητική επίλυση μερικών διαφορικών εξισώσεων</subfield>
   <subfield code="h">[Ηλεκτρονικός πόρος] </subfield>
   <subfield code="c">Χατζηπαντελίδης, Παναγιώτης ; Πλεξουσάκης, Μιχαήλ ; Κριτικός αναγνώστης,Ακρίβης, Γεώργιος ; Γλωσσική επιμέλεια,Τσιαδήμου, Αναστασία.</subfield>
  </datafield>
  <datafield tag="260" ind1=" " ind2=" ">
   <subfield code="a">Αθήνα :</subfield>
   <subfield code="b">Σύνδεσμος Ελληνικών Ακαδημαϊκών Βιβλιοθηκών,</subfield>
   <subfield code="c">c2015.</subfield>
  </datafield>
  <datafield tag="490" ind1=" " ind2=" ">
   <subfield code="a">Ακαδημαϊκά Ηλεκτρονικά Συγγράμματα και Βοηθήματα Κάλλιπος</subfield>
   <subfield code="8">40</subfield>
  </datafield>
  <datafield tag="520" ind1=" " ind2=" ">
   <subfield code="a">Το προτεινόμενο βιβλίο απευθύνεται σε προπτυχιακούς και μεταπτυχιακούς φοιτητές σχολών θετικών επιστημών και πολυτεχνικών. Ένα κύριο αντικείμενο διδασκαλίας στις παραπάνω σχολές είναι η κατανόηση διάφορων φυσικών φαινομένων μέσω της μαθηματικής μοντελοποιήσης τους. Η τελευταία γίνεται με τη διατύπωση τους ως προβλημάτων συνοριακών ή και αρχικών-συνοριακών τιμών, διαφορικών εξισώσεων με μερικές παραγώγους. Για την λύση τους βασιζόμαστε στη χρήση Η/Υ και κατά επέκταση σε αριθμητικές μεθόδους για την προσέγγιση της ακριβούς λύσης τους.Τα προβλήματα διαφορικών εξισώσεων που θα θεωρήσουμε είναι:1.) προβλήματα συνοριακών τιμών για διαφορικές εξισώσεις ελλειπτικού τύπου σε μια ή δύο χωρικές μεταβλητές. 2.) προβλήματα αρχικών και συνοριακών τιμών για διαφορικές εξισώσεις παραβολικού τύπου ή υπερβολικού τύπου σε μια ή δύο χωρικές μεταβλητές. Για τα παραπάνω προβλήματα θα θεωρήσουμε διάφορες αριθμητικές μεθόδους οι οποίες θα είναι κατά κύριο λόγο 1.) μέθοδοι πεπερασμένων διαφορών 2.) μέθοδοι πεπερασμένων στοιχείωνΘα δειχθούν θεωρητικά αποτελέσματα που αφορούν την ευστάθεια, συνέπεια και σύγκλιση των παραπάνω αριθμητικών μεθόδων. Επίσης θα υπάρξουν παραδείγματα εφαρμογής των διαφόρων μεθόδων που θα συμπληρωθούν με γραφικές παραστάσεις και πίνακες αποτελεσμάτων.Στο τέλος κάθε κεφαλαίου θα υπάρχει σειρά ασκήσεων για την καλύτερη κατανόηση του αντίστοιχου κεφαλαίου.Μαθησιακοί στόχοι του βιβλίου είναι ο φοιτητής να μπορεί να προσδιορίζει, να εξηγεί, να εφαρμόζει και να αναπτύσσει στον Η/Υ αλγόριθμους για την κατασκευή μιας προσεγγιστικής λύσης μερικών διαφορικών προβλημάτων συνοριακών τιμών ή αρχικών και συνοριακών τιμών.</subfield>
  </datafield>
  <datafield tag="650" ind1=" " ind2="0">
   <subfield code="a">Mathematics</subfield>
   <subfield code="8">2030</subfield>
  </datafield>
  <datafield tag="650" ind1=" " ind2=" ">
   <subfield code="a">Differential equations</subfield>
   <subfield code="8">2346</subfield>
  </datafield>
  <datafield tag="653" ind1=" " ind2=" ">
   <subfield code="a">Πεπερασμένα στοιχεία</subfield>
  </datafield>
  <datafield tag="653" ind1=" " ind2=" ">
   <subfield code="a">Περασμένες διαφορές</subfield>
  </datafield>
  <datafield tag="653" ind1=" " ind2=" ">
   <subfield code="a">Αριθμητική επίλυση μερικών διαφορικών εξισώσεων</subfield>
  </datafield>
  <datafield tag="653" ind1=" " ind2=" ">
   <subfield code="a">Μαθηματικά</subfield>
   <subfield code="a">Αριθμητική ανάλυση</subfield>
   <subfield code="a">Μερικές διαφορικές εξισώσεις, προβήματα συνοριακών τιμών</subfield>
  </datafield>
  <datafield tag="653" ind1=" " ind2=" ">
   <subfield code="a">Μαθηματικά</subfield>
   <subfield code="a">Αριθμητική ανάλυση</subfield>
   <subfield code="a">Διαφορικές μερικές εξισώσεις, προβλήματα αρχικών τιμών και αρχικών τιμών εξαρτώμενων από συνοριακές τιμές</subfield>
  </datafield>
  <datafield tag="700" ind1="1" ind2=" ">
   <subfield code="a">Πλεξουσάκης, Μιχαήλ</subfield>
   <subfield code="e">Συγγραφέας</subfield>
   <subfield code="8">1734</subfield>
  </datafield>
  <datafield tag="700" ind1="1" ind2=" ">
   <subfield code="a">Ακρίβης, Γεώργιος</subfield>
   <subfield code="e">Κριτικός αναγνώστης</subfield>
   <subfield code="8">1735</subfield>
  </datafield>
  <datafield tag="856" ind1="4" ind2="0">
   <subfield code="u">http://hdl.handle.net/11419/665</subfield>
   <subfield code="z">Πλήρες Κείμενο - Full text</subfield>
  </datafield>
  <datafield tag="907" ind1=" " ind2=" ">
   <subfield code="a">.b25679879</subfield>
   <subfield code="b">12-06-18</subfield>
   <subfield code="c">29-07-16</subfield>
  </datafield>
  <datafield tag="949" ind1=" " ind2=" ">
   <subfield code="0">0</subfield>
   <subfield code="1">0</subfield>
   <subfield code="2">ddc</subfield>
   <subfield code="4">0</subfield>
   <subfield code="6">515_000000000000000_ΧΑΤ</subfield>
   <subfield code="7">0</subfield>
   <subfield code="8">KALL</subfield>
   <subfield code="8">746</subfield>
   <subfield code="d">2016-04-13</subfield>
   <subfield code="r">2016-04-13</subfield>
   <subfield code="w">2016-04-13</subfield>
   <subfield code="z">515 ΧΑΤ</subfield>
   <subfield code="o">SEAB KALLIPOS</subfield>
  </datafield>
  <datafield tag="998" ind1=" " ind2=" ">
   <subfield code="a">80</subfield>
   <subfield code="a">01</subfield>
   <subfield code="a">02</subfield>
   <subfield code="a">03</subfield>
   <subfield code="a">04</subfield>
   <subfield code="a">05</subfield>
   <subfield code="a">06</subfield>
   <subfield code="a">07</subfield>
   <subfield code="a">08</subfield>
   <subfield code="a">09</subfield>
   <subfield code="a">10</subfield>
   <subfield code="a">11</subfield>
   <subfield code="a">12</subfield>
   <subfield code="a">13</subfield>
   <subfield code="a">14</subfield>
   <subfield code="a">15</subfield>
   <subfield code="a">16</subfield>
   <subfield code="a">17</subfield>
   <subfield code="a">18</subfield>
   <subfield code="a">19</subfield>
   <subfield code="a">20</subfield>
   <subfield code="a">21</subfield>
   <subfield code="a">22</subfield>
   <subfield code="a">23</subfield>
   <subfield code="a">24</subfield>
   <subfield code="a">25</subfield>
   <subfield code="a">26</subfield>
   <subfield code="b">15-05-17</subfield>
   <subfield code="c">m</subfield>
   <subfield code="d">z  </subfield>
   <subfield code="e">-</subfield>
   <subfield code="f">gre</subfield>
   <subfield code="g">gr </subfield>
   <subfield code="h">0</subfield>
  </datafield>
  <datafield tag="942" ind1=" " ind2=" ">
   <subfield code="2">ddc</subfield>
   <subfield code="c">KALLIPOS</subfield>
  </datafield>
 </record>
</collection>
